[Event "BAN Walton 1st League"]
[Site "Dhaka"]
[Date "2018.10.25"]
[Round "1.4"]
[White "Kabir, Mohammad Sherajul"]
[Black "Rafiqul, Islam1"]
[Result "1-0"]
[WhiteElo "1945"]
[BlackElo "1964"]
[PlyCount "141"]
[EventDate "2018.10.25"]
[EventType "team-tourn"]
[EventRounds "11"]
[EventCountry "BAN"]
[SourceTitle "CBM 187 Extra"]
[Source "ChessBase"]
[SourceDate "2018.11.04"]
[SourceVersion "1"]
[SourceVersionDate "2018.11.04"]
[SourceQuality "1"]
[WhiteTeam "Agrani Bank Daba Dal"]
[BlackTeam "Mohakhali Prodip Sangah"]
[WhiteTeamCountry "BAN"]
[BlackTeamCountry "BAN"]

1. d4 Nf6 2. c4 e5 3. d5 Bb4+ 4. Bd2 a5 5. Nc3 d6 6. Qc2 Na6 7. a3 Bxc3 8. Bxc3 Nc5 9. f3 a4 10. g3 0-0 11. 0-0-0 Bd7 12. Bh3 b5 13. Bxd7 Qxd7 14. cxb5 Qxb5 15. e4 Rfd8 16. Ne2 c6 17. dxc6 Qxc6 18. Kb1 Nb3 19. Rd3 Rac8 20. Rhd1 d5 21. exd5 Nxd5 22. Nc1 Qc4 23. Nxb3 axb3 24. Qc1 f6 25. Ka1 e4 26. fxe4 Qxe4 27. Qd2 Rc5 28. Re1 Qf5 29. Qd1 Kf7 30. g4 Nxc3 31. Qxb3+ Qd5 32. Rxd5 Nxd5 33. Qa4 Rc7 34. Qa5 Rcd7 35. Rd1 Kg6 36. h4 h5 37. gxh5+ Kxh5 38. Rd4 g5 39. hxg5 fxg5 40. Qd2 Nf6 41. Qe2+ g4 42. Qe5+ Kg6 43. Rf4 Rd1+ 44. Ka2 R8d6 45. Qf5+ Kh6 46. Rf2 R1d5 47. Rh2+ Kg7 48. Qf4 Re6 49. Qh6+ Kf7 50. Rc2 Rd7 51. Rc8 Ne8 52. Qh5+ Rg6 53. Rxe8 Rdd6 54. Qe5 Rgf6 55. Qe7+ Kg6 56. Rg8+ Kf5 57. Qe3 Rg6 58. Rf8+ Rdf6 59. Rxf6+ Kxf6 60. Qf4+ Ke6 61. Qg3 Kf5 62. a4 Rh6 63. a5 Rh3 64. Qg2 Kf4 65. a6 Rh7 66. Qf2+ Kg5 67. a7 Rxa7+ 68. Qxa7 g3 69. Kb3 Kg4 70. Kc3 Kh3 71. Qg1 1-0

[Event "BAN Marcel 1st Div"]
[Site "Dhaka"]
[Date "2018.01.02"]
[Round "4.3"]
[White "Kabir, Mohammad Sherajul"]
[Black "Hanif, Mollah"]
[Result "1-0"]
[WhiteElo "1956"]
[BlackElo "1854"]
[PlyCount "78"]
[EventDate "2017.12.30"]
[EventType "team-tourn"]
[EventRounds "9"]
[EventCountry "BAN"]
[SourceTitle "CBM 182 Extra"]
[Source "ChessBase"]
[SourceDate "2018.02.23"]
[SourceVersion "1"]
[SourceVersionDate "2018.02.23"]
[SourceQuality "1"]
[WhiteTeam "Agrani Bank Daba Dal"]
[BlackTeam "Mohakhali Pradip Sangah"]
[WhiteTeamCountry "BAN"]
[BlackTeamCountry "BAN"]

1. Nf3 Nf6 2. d4 e6 3. Nbd2 d5 4. e3 Be7 5. Bd3 0-0 6. 0-0 Nbd7 7. b3 c5 8. Bb2 b6 9. Ne5 Bb7 10. f4 g6 11. c4 dxc4 12. bxc4 cxd4 13. exd4 Qc7 14. Qe2 Rad8 15. Rac1 Qd6 16. a3 Rfe8 17. Rc2 Bf8 18. Bc3 a5 19. Bb2 Bh6 20. Ne4 Nxe4 21. Bxe4 Bxe4 22. Qxe4 f5 23. Qf3 Nxe5 24. fxe5 Qd7 25. Rd1 Qa4 26. Qe2 Bf8 27. Qd3 Bc5 28. Kf1 Bxd4 29. Bxd4 Rxd4 30. Qxd4 Qxc2 31. Rd3 Kf7 32. Re3 Qb1+ 33. Kf2 g5 34. Re2 Re7 35. Rb2 Qa1 36. Qxb6 Qxa3 37. c5 Qc3 38. Re2 a4 39. c6 a3 1-0

[Event "BAN Marcel 1st Div"]
[Site "Dhaka"]
[Date "2018.01.01"]
[Round "3.3"]
[White "Abhishek, Sarkar"]
[Black "Kabir, Mohammad Sherajul"]
[Result "1-0"]
[WhiteElo "2023"]
[BlackElo "1956"]
[PlyCount "99"]
[EventDate "2017.12.30"]
[EventType "team-tourn"]
[EventRounds "9"]
[EventCountry "BAN"]
[SourceTitle "CBM 182 Extra"]
[Source "ChessBase"]
[SourceDate "2018.02.23"]
[SourceVersion "1"]
[SourceVersionDate "2018.02.23"]
[SourceQuality "1"]
[WhiteTeam "Sonargaon CC"]
[BlackTeam "Agrani Bank Daba Dal"]
[WhiteTeamCountry "BAN"]
[BlackTeamCountry "BAN"]

1. e4 c5 2. Nf3 e6 3. d4 cxd4 4. Nxd4 a6 5. Bd3 Nf6 6. 0-0 Qc7 7. c4 d6 8. Nc3 Nbd7 9. b3 b5 10. Bb2 bxc4 11. Bxc4 Ne5 12. Be2 Bb7 13. f4 Nc6 14. Nxc6 Bxc6 15. Bf3 Rd8 16. Qe2 Qb6+ 17. Kh1 Be7 18. Rfd1 0-0 19. Rd2 Qa5 20. Rc2 Rb8 21. Qd2 Qb6 22. Rac1 Rfd8 23. Nd5 Bxd5 24. exd5 Nxd5 25. Bxd5 exd5 26. Qxd5 Qb5 27. Qf3 Bf8 28. Rc7 Re8 29. R7c2 Qf5 30. g4 Qe4 31. Kg2 f5 32. Qxe4 Rxe4 33. gxf5 Rxf4 34. Rf1 Rxf1 35. Kxf1 Rb5 36. Rf2 Kf7 37. f6 gxf6 38. Bxf6 Ke6 39. Bc3 Be7 40. Re2+ Kd7 41. Ke1 Bg5 42. Re4 Rc5 43. Bd2 Bd8 44. Rg4 h5 45. Rg7+ Kc6 46. Ra7 a5 47. Be3 Re5 48. Ra6+ Kb5 49. Rxd6 Bg5 50. Rb6# 1-0

[Event "BAN-chT"]
[Site "Dhaka"]
[Date "2016.11.29"]
[Round "7.4"]
[White "Kabir, Mohammad Sherajul"]
[Black "Md Jamal, Uddin"]
[Result "1/2-1/2"]
[WhiteElo "1994"]
[BlackElo "1914"]
[PlyCount "132"]
[EventDate "2016.11.23"]
[EventType "team-tourn"]
[EventRounds "9"]
[EventCountry "BAN"]
[SourceTitle "EXT 2018"]
[Source "ChessBase"]
[SourceDate "2017.10.13"]
[SourceVersion "1"]
[SourceVersionDate "2017.10.13"]
[SourceQuality "1"]
[WhiteTeam "Agrani Bank Daba Dal"]
[BlackTeam "Sheikh Russel"]
[WhiteTeamCountry "BAN"]
[BlackTeamCountry "BAN"]

1. e4 g6 2. d4 Bg7 3. Nf3 d6 4. h3 c6 5. c4 Qb6 6. Nc3 Nd7 7. Be2 e5 8. d5 Qc7 9. 0-0 Ngf6 10. Be3 0-0 11. Rc1 a5 12. Qd2 Re8 13. Rfd1 Bf8 14. Bg5 Nh5 15. g4 Ng7 16. Bh6 Nc5 17. Kh2 f6 18. b3 Qf7 19. Rg1 Kh8 20. Rg2 Be7 21. Rh1 Rg8 22. Rhg1 Bd7 23. Ne1 cxd5 24. cxd5 b5 25. Qe3 b4 26. Nd1 a4 27. Bc4 Rgc8 28. Nd3 Nxd3 29. Qxd3 Ne8 30. Bd2 Rcb8 31. f4 Nc7 32. fxe5 fxe5 33. Rf1 Qg7 34. Rgf2 Rf8 35. Bxb4 axb3 36. axb3 Rab8 37. Bd2 Nb5 38. Be3 Na3 39. Kg2 Bh4 40. Rxf8+ Rxf8 41. Bc1 Nxc4 42. bxc4 h5 43. g5 Rxf1 44. Qxf1 Qe7 45. Qf6+ Qxf6 46. gxf6 Bxf6 47. Nc3 Bd8 48. Nb5 Bxb5 49. cxb5 Bc7 50. Bg5 Kg7 51. Kf3 Kf7 52. Ke3 Ke8 53. Kd3 Kd7 54. Be3 Bd8 55. b6 Kc8 56. Kc4 Kb7 57. Kb5 g5 58. Bf2 h4 59. Be3 g4 60. hxg4 h3 61. Bg1 Bg5 62. Kc4 Be3 63. Bh2 Bf4 64. Bg1 h2 65. Bxh2 Bxh2 66. g5 Bf4 1/2-1/2

[Event "BAN-chT"]
[Site "Dhaka"]
[Date "2016.11.28"]
[Round "6.4"]
[White "Dil, Mohammad"]
[Black "Kabir, Mohammad Sherajul"]
[Result "0-1"]
[WhiteElo "1749"]
[BlackElo "1994"]
[PlyCount "64"]
[EventDate "2016.11.23"]
[EventType "team-tourn"]
[EventRounds "9"]
[EventCountry "BAN"]
[SourceTitle "EXT 2018"]
[Source "ChessBase"]
[SourceDate "2017.10.13"]
[SourceVersion "1"]
[SourceVersionDate "2017.10.13"]
[SourceQuality "1"]
[WhiteTeam "Kasparov CC"]
[BlackTeam "Agrani Bank Daba Dal"]
[WhiteTeamCountry "BAN"]
[BlackTeamCountry "BAN"]

1. e4 c5 2. Nf3 e6 3. d4 cxd4 4. Nxd4 a6 5. Nc3 Qc7 6. Be2 Nf6 7. Be3 Bb4 8. f3 Bxc3+ 9. bxc3 Qxc3+ 10. Kf2 0-0 11. h4 Qc7 12. h5 d5 13. Bd3 Nbd7 14. g4 dxe4 15. fxe4 Qe5 16. Qf3 Nc5 17. Rag1 Nfxe4+ 18. Kg2 Ng5 19. Qf2 b6 20. Nf3 Bb7 21. Rh3 Nxd3 22. cxd3 Nxf3 23. Rxf3 Rac8 24. Kh3 Bxf3 25. Qxf3 Rc2 26. Bf4 Qd5 27. Qe3 Rd8 28. Rd1 h6 29. Bxh6 gxh6 30. Qxh6 Qf3+ 31. Kh4 Rh2+ 32. Kg5 Rd5# 0-1

[Event "BAN-ch 38th"]
[Site "Dhaka"]
[Date "2012.11.09"]
[Round "2"]
[White "Bhuiyan, Golam Mostafa"]
[Black "Kabir, Mohammad Sherajul"]
[Result "1-0"]
[WhiteElo "2211"]
[BlackElo "2089"]
[PlyCount "167"]
[EventDate "2012.11.08"]
[EventType "tourn"]
[EventRounds "13"]
[EventCountry "BAN"]
[EventCategory "3"]
[SourceTitle "EXT 2013"]
[Source "ChessBase"]
[SourceDate "2012.11.22"]
[SourceVersion "1"]
[SourceVersionDate "2012.11.22"]
[SourceQuality "1"]

1. e4 c5 2. Nf3 d6 3. b3 Nc6 4. Bb2 Nf6 5. Nc3 e6 6. Qe2 Be7 7. g4 Nd7 8. 0-0-0 Nce5 9. Qe3 Nxf3 10. Qxf3 a6 11. g5 Bxg5 12. Qg3 e5 13. Rg1 Bh6 14. Kb1 Nf6 15. Bc4 Qe7 16. a4 Be6 17. d3 0-0-0 18. f3 Be3 19. Rge1 Bf4 20. Qf2 g5 21. Ne2 Nh5 22. Ng3 Ng7 23. Rg1 Rhg8 24. Bc3 Qc7 25. Kb2 Qc6 26. a5 h5 27. Ne2 Bxc4 28. dxc4 Ne6 29. Rd5 f6 30. Ng3 Bxg3 31. hxg3 Rh8 32. Rh1 Rh7 33. Qg2 Qd7 34. Rhd1 Qe7 35. Qd2 Kc7 36. b4 h4 37. bxc5 dxc5 38. gxh4 Rxh4 39. Qe3 Nd4 40. Bxd4 cxd4 41. Qb3 Rxd5 42. Qb6+ Kc8 43. exd5 Rh7 44. c5 Qd8 45. Qe6+ Kb8 46. Rd3 Qc7 47. Qg8+ Ka7 48. c6 bxc6 49. dxc6 Rg7 50. Qd5 Qc8 51. Rb3 Rc7 52. Rb6 Ka8 53. Qc4 Ka7 54. Qc5 Ka8 55. Qd5 Ka7 56. Kc1 f5 57. Qxe5 d3 58. c3 g4 59. fxg4 fxg4 60. Qd4 Ka8 61. Qxd3 Ra7 62. Qe2 Rh7 63. Rxa6+ Ra7 64. Rxa7+ Kxa7 65. Qe3+ Ka8 66. Qc5 g3 67. Qd5 Ka7 68. Kb2 Qc7 69. Kc2 Ka6 70. Qd7 Qa7 71. c4 Qf2+ 72. Kd3 Qf3+ 73. Kc2 Qe2+ 74. Kc3 Qe1+ 75. Kb3 Qb1+ 76. Kc3 Qc1+ 77. Kb4 Qb2+ 78. Kc5 Qa3+ 79. Kd5 Qd3+ 80. Kc5 Qe3+ 81. Kd6 Qa7 82. c7 Qd4+ 83. Ke7 Qe5+ 84. Qe6+ 1-0